| 000 | 00928nam a2200265 a 4500 | ||
|---|---|---|---|
| 001 | 000023855 | ||
| 005 | 20200930022522.0 | ||
| 008 | 110114s1967 sp a 000 f spa d | ||
| 040 |
_aDO-SdBNP _bspa _cBNPHU |
||
| 041 | 1 | 7 |
_aspa _hfre _2Código de idioma MARC |
| 082 |
_a863.6 _bC348c |
||
| 100 | 1 |
_aCastelao, Alfonso R. _d1886-1950. _949073 |
|
| 240 | 1 | 0 |
_aCousas; os dous de sempre. _lEspañol. |
| 245 | 1 | 0 |
_aCosas : _blos dos de siempre / _cAlfonso R. Castelao ; traductor Alberto Míguez. |
| 260 |
_aMadrid, (España) : _bAlianza Editorial, _c1967. |
||
| 300 |
_a264, [7] p. : _bil. ; _c18 cm. |
||
| 490 | 1 |
_aEl libro de bolsillo _v70 |
|
| 490 | 1 | _aLiteratura | |
| 534 |
_aTítulo original: _tCousas; os dous de sempre. |
||
| 650 | 4 |
_aNovela española _91123 |
|
| 650 | 4 |
_aLiteratura española _9632 |
|
| 700 | 1 |
_aMínguez, Alberto _etr. _949074 |
|
| 830 | 0 |
_aEl libro de bolsillo ; _pliteratura _v70 _939386 |
|
| 049 | _aBNGR | ||
| 999 |
_c23351 _d23351 |
||